00667nam a2200205 a 4500008004100000020001500041245011300056260003100169300002400200504004100224500002000265650004000285650003500325650003400360700002100394700001900415003000100434005001700435040000900452  a187078407300aCapital goods, technological change and accumulation in Nigeria /cedited by Akin Fadahunsi and B.U.N. Igwe. aLondon :bCODESRIA,c1989. ax, 204 p. ;c22 cm. aIncludes bibliographical references. aIncludes index. 0aTechnological innovationszNigeria. 0aIndustrial equipmentzNigeria. 0aNigeriaxEconomic conditions.1 aFadahunsi, Akin.1 aIgwe, B. U. N.20230123133121.0 cNUST